Riadenie nákupu a predaja autobazáru AutoBrand s.r.o. na trhu s ojazdenými vozidlami diplomová práca

Enregistré dans:
Détails bibliographiques
Auteur principal: Druska, Michal
Collectivité auteur: Obchodná fakulta EU. Katedra marketingu
Autres auteurs: Kita, Pavol
Format: Livre
Langue:slovaque
Publié: Bratislava 2011
Tags: Ajouter un tag
Pas de tags, Soyez le premier à ajouter un tag!

MARC

LEADER 00000nbm a2200000 4500
001 0131927
005 20161109101743.2
041 0 |a slo 
044 |a SK 
245 1 0 |a Riadenie nákupu a predaja autobazáru AutoBrand s.r.o. na trhu s ojazdenými vozidlami  |b diplomová práca  |c Michal Druska ; školiteľ: Pavol Kita 
264 1 |a Bratislava  |c 2011 
300 |a 62 s. 
100 1 |a Druska, Michal 
700 1 |a Kita, Pavol 
710 2 |a Obchodná fakulta EU. Katedra marketingu